Países que terminan con U - Estadísticas

Estadísticas generales
  • Esta prueba ha sido intentada 4.138 veces
  • La puntuación promedio es 3 de 5
Estadísticas de respuestas
Países % Correcto
Perú
92%
Tuvalu
66%
Vanuatu
64%
Nauru
56%
Guinea Bissau
18%
No se encontraron pruebas coincidentes
Distribución de puntuación
Porcentaje de gente con cada puntuación
Porcentaje por número respondido
Historial de tus puntuaciones
No has intentado esta prueba.